000 00937nam a2200253 4500
003 CO-ViMGA
020 _a9789588787749
040 _aCO-ViMGA
_bspa
_cCO-ViMGA
090 _aC UNG1
100 1 _aUngerer, Tomi,
_d1931 -
_97809
245 1 0 _aAdelaida /
_cTomi Ungerer; traducción de Sandra Senra Gómez, Óscar Senra Gómez
260 _aBogotá :
_bMonserrate,
_c2016.
300 _a[40] p. ;
_bil., color ; 29 cm.
490 _aPlan Nacional de Lectura y Escritura Leer es mi Cuento / Ministerio de Cultura
500 _aRecomendado de 0 a 2 años
650 1 4 _a Literatura Infantil Francesa
_92946
650 1 4 _aAnimales En La Literatura / / Historias De Aventuras
_97810
650 1 4 _aCuentos Infantiles Franceses
_ySiglo XX
_97804
650 1 4 _aLibros ilustrados para niños
_987
650 1 4 _aViajes En La Literatura
_97811
700 1 _aSenra Gómez, Oscar
_97813
700 1 _aSenra Gómez, Sandra
_97812
942 _2ddc
_cBK
999 _c7671
_d7671